Responses for Show #2627 - Tuesday, January 23, 1996

Contestants

[<< previous game]

John Thiel, a psychiatrist originally from Adelphi, Maryland

Mary Margaret Purvis, a math teacher from Rockledge, Florida

Murph Honea, an athletic director from Fort Worth, Texas

[next game >>]

Jeopardy! Round responses

ROYALTY
17th CENTURY TECHNOLOGY
SINGERS & THEIR ROLES
SIGNS & SYMBOLS
WISCONSIN
ODD WORDS
    $100 1
Queen Elizabeth II

John
    $100 7
Tobacco

Mary Margaret
    $100 26
Cher

Mary Margaret
    $100 12
Valentine's Day

John
    $100 6
Milwaukee

John
    $100 18
Melt

Mary Margaret
    $200 2
Princess Stephanie

John
    $200 8
Steam

John
    $200 27
Bette Midler

John
    $200 13
100

Mary Margaret
    $200 17
Madison

Mary Margaret
    $200 19
(Mary: What is sea sickness... nausea?)
(Alex: We'll give it to you.)

motion sickness

Mary Margaret
    $300 3
Mary, Queen of Scots

John
    $300 9
Clocks

Mary Margaret
    $300 28
Annie Oakley

Mary Margaret
    $300 14
Red Cross

John
    $300 23
Switzerland

Murph
    $300 20
Peen

John
    $400 4
Jordan

Mary Margaret
    $400 10
Barometer

John
    $400 29
Emily Bronte

Murph
    $400 15
Maple Leaf

Mary Margaret
    $400 24
"The Badger State"

Murph
    $400 21
Skewbald

Triple Stumper
    $500 5
Catherine de' Medici

Murph
    $500 11
Calculator

John
    $500 30
Tony Bennett

Triple Stumper
    $500 16
Ampersand

John
    $1,200 25
Michigan & Superior

Murph
    $500 22
Points (Pointillism)

John

Scores at the first commercial break (after clue 15):

Murph Mary Margaret John
$500 $1,400 $2,200

Scores at the end of the Jeopardy! Round:

Murph Mary Margaret John
$2,800 $2,300 $3,700

Double Jeopardy! Round responses

MYTHOLOGY
EUROPEAN FOOD & DRINK
1901-1910
FAMOUS RELATIVES
INTERNATIONAL POLITICS
LITERATURE
    $200 1
Moon

Mary Margaret
    $200 20
Egg

John
    $200 5
Lusitania

John
    $200 17
Glenn Close

Murph
    $200 16
Israel

Mary Margaret
    $200 7
"A Connecticut Yankee in King Arthur's Court"

Mary Margaret
    $400 2
Pegasus

Mary Margaret
    $400 9
San Francisco Earthquake

John
    $400 25
Chet Huntley

Mary Margaret
    $400 18
Chechnya

John
    $400 8
(J: Who was....(time)?)

D.H. Lawrence

MurphJohn
    $600 3
Delphi

Mary Margaret
    $1,500 13
Franklin D. Roosevelt

John
    $600 19
Absolute Monarchy

Mary Margaret
    $600 10
Franz Kafka

John
    $800 4
(J: What were the...(time signal)?)

Muses

MurphJohn
    $800 27
(Mary: What is Germany?)
[The end-of-round signal sounds.]

Netherlands

Mary Margaret
Triple Stumper
    $800 14
Panama

John
    $800 22
Calvin Coolidge

Mary Margaret
    $800 21
(a minute to go in the round...)

Puppet Government

Mary Margaret
    $800 11
Anton Chekhov

John
    $1000 6
Vulcan

John
    $1000 26
(Murph: What is Italy?)

Spain

Murph
Triple Stumper
    $1000 15
(Mary: Who is Admiral Byrd?)

Robert Peary

Mary MargaretJohn
    $1000 23
(Mary Margaret: Who is Agnes de Mille?)

Martha Graham

Mary MargaretJohn
    $500 24
Balkanization

John
    $1000 12
"Ivanhoe"

Triple Stumper

Scores at the end of the Double Jeopardy! Round:

Murph Mary Margaret John
$3,200 $3,700 $10,900
(lock game)

[wagering suggestions for these scores]

Final Jeopardy! Round responses

DISNEY FILMS
MurphWhat is The Little Mermaid
$3,200
Mary MargaretWhat is
$3,698
JohnWhat is Cinderella?
$500
The Little Mermaid

Final scores:

Murph Mary Margaret John
$6,400 $2 $10,400
2nd place: Gateway 2000 Desktop Family PC 3rd place: Ascot 5-piece Luggage Set New champion: $10,400

Game dynamics:

Coryat scores:

Murph Mary Margaret John
$2,500 $3,700 $10,500
8 R
(including 1 DD),
1 W
19 R,
3 W
25 R
(including 2 DDs),
2 W

Combined Coryat: $16,700

[game clues] [game scores] [suggest correction]

Game tape date: Unknown
The J! Archive is created by fans, for fans. Scraping, republication, monetization, and malicious use prohibited; this site may use cookies and collect identifying information. See terms. The Jeopardy! game show and all elements thereof, including but not limited to copyright and trademark thereto, are the property of Jeopardy Productions, Inc. and are protected under law. This website is not affiliated with, sponsored by, or operated by Jeopardy Productions, Inc. Join the discussion at JBoard.tv.